| 000 | 00449nam a2200133 4500 | ||
|---|---|---|---|
| 999 |
_c13359 _d13359 |
||
| 008 | 190307b ||||| |||| 00| 0 eng d | ||
| 082 | _aDPer 050 T48 Apr-June 2016 v. 187, n. 12-24. | ||
| 100 |
_aBegley, Sarah _937324 |
||
| 245 |
_aAre you there, allah? It's me, Cindy/ _cSarah Begley. |
||
| 260 |
_aHong Kong: _bTime Asia, _cc2016. |
||
| 300 |
_av187 n15, page 44: _billustrations; _c27 cm. |
||
| 650 |
_aChildren's stories. _915436 |
||
| 942 |
_2ddc _cPER |
||